| 000 | 00452nam a2200169Ia 4500 | ||
|---|---|---|---|
| 003 | GCL | ||
| 008 | 140319s9999 xx 000 0 eng d | ||
| 040 |
_aGCL / _cGCL |
||
| 082 | 0 | 4 |
_a302.2 _bB L |
| 100 | 1 | _aBESMIER, NIKO | |
| 245 | 1 | 0 |
_aLITERACY, EMOTION AND AUTHORITY / _cBESMIER, NIKO |
| 260 |
_a[S.N] : _bCAMBRIDGE UNIVERSITY PRESS ، _c1995 |
||
| 300 | _a234P | ||
| 650 | 0 | 4 | _aLANGUAGE - CULTURE |
| 650 | 0 | 4 | _aLITERACY - TURALU |
| 942 |
_2ddc _cBK |
||
| 999 |
_c11122 _d11122 |
||